| 000 | 01081nam0a22002651 4500 | ||
|---|---|---|---|
| 001 | rc\826996 | ||
| 005 | 20250622004937.0 | ||
| 035 | _a(NLR Aleph) 006009270 | ||
| 090 |
_a7311147 _c7311147 |
||
| 100 | _a20041129d1984 |||y0rusy50 ca | ||
| 101 | 0 | _arus | |
| 102 | _aRU | ||
| 105 | _aa ||||||||| | ||
| 200 | 1 |
_aОсобенности изготовления трикотажеподобной ткани на машине "Метап" _eКонспект лекций _f[П.В. Власов, проф., Р.И. Сумарукова, доц.] |
|
| 210 |
_aМ. _cМТИ _d1984 |
||
| 215 |
_a16 с. _cил. _d20 |
||
| 300 | _aВ надзаг.: М-во высш. и сред. спец. образования СССР, Моск. текстил. ин-т им. А.Н. Косыгина | ||
| 320 | _aБиблиогр.: с. 15 | ||
| 700 | 1 |
_aВласов _bП.В. _gПавел Васильевич |
|
| 701 | 1 |
_aСумарукова _bР.И. _gРаиса Ильинична |
|
| 801 | 0 |
_aRU _bNLR _gpsbo |
|
| 801 | 1 |
_aRU _bELAR _2rusmarc |
|
| 852 |
_aNLR _j85-4/24781 |
||
| 942 | _cBOOK | ||
| 980 | _aNB | ||